000 00618nam a2200217Ia 4500
005 20220713112224.0
008 131103s9999 xx 000 0 und d
020 _a0 09 063002 5
040 _aLoreto College
041 _aEnglish
082 _a307.72
_bCHI
100 _aChisholm , Michael
245 _aRural settlement and land use
_cMichael Chisholm
260 _aLondon
_bHutchinson University Library
_c1968
300 _a183p
504 _aReprinted 1973
650 _aCommunities -
651 _aCommunities - Specific kinds of communities - Rural communities -
850 _aLCLIB
942 _cBK
999 _c1484
_d51963